Top 5 Songs On Donda (Kanye West) - Statistics

General Stats
  • This quiz has been taken 161 times
  • The average score is 4 of 5
Answer Stats
Hint Answer % Correct
317,622,913 Hurricane
93%
202,678,243 Off The Grid
85%
348,049,479 Praise God
84%
224,828,709 Moon
76%
116,991,219 Jail
75%
No matching quizzes found
Score Distribution
Percent of People with Each Score
Percentile by Number Answered
Your Score History
You have not taken this quiz